000 00654pam a2200241 a 4500
001 4751831
005 20180124034536.0
008 851009s1986 nju b 000 0 eng
010 _a 85024582
020 _a0878559914 (pbk.)
020 _a0887380441
040 _aDLC
_cDLC
_dDLC
041 _aeng
043 _ad------
080 _a338.90091724 lew
082 0 0 _a338.90091724 lew
_219
100 _a54
101 _aman
245 0 0 _aDevelopment strategies reconsidered /
_cJohn P. Lewis and Valeriana Kallab, editors.
504 _aIncludes bibliographies.
906 _a7
_bcbc
_corignew
_d1
_eocip
_f19
_gy-gencatlg
942 _2ddc
_cBK
999 _c40821
_d40821